| 000 | 00519nam a2200133Ia 4500 | ||
|---|---|---|---|
| 008 | 220204s9999 xx 000 0 und d | ||
| 020 | _a8120414965 | ||
| 082 |
_a581.5:630 _bGAN |
||
| 245 | 0 | _aTropical ecosystems : Structure, diversity and human welfare. (Proceedings of the International conference on tropical ecosystems : structure, diversity and human welfare. 15-18 July 2001, Bangalore) | |
| 260 |
_aNew Delhi _bOxford & IBH Publishing _c2001 |
||
| 650 | _aBiodiversity | ||
| 700 | _aGaneshaiah, K N | ||
| 942 | _cBK | ||
| 999 |
_c42079 _d42079 |
||